[Event "Krapina op 11th"]
[Site "Krapina"]
[Date "2023.01.13"]
[Round "2"]
[White "Djuric, Leon"]
[Black "Jakupec, Denis"]
[Result "1/2-1/2"]
[WhiteElo "1849"]
[BlackElo "1982"]
[PlyCount "55"]
[EventDate "2023.01.13"]
[EventType "swiss"]
[EventRounds "7"]
[EventCountry "CRO"]
[SourceTitle "CBM 212 Extra"]
[Source "ChessBase"]
[SourceDate "2023.03.31"]
[SourceVersion "1"]
[SourceVersionDate "2023.03.31"]
[SourceQuality "1"]

1. d4 Nf6 2. c4 e6 3. g3 c5 4. d5 exd5 5. cxd5 d6 6. Bg2 g6 7. Nc3 Bg7 8. Nf3 0-0 9. 0-0 Re8 10. h3 a6 11. a4 Nbd7 12. Re1 Rb8 13. a5 b5 14. axb6 Rxb6 15. Nd2 Rb4 16. e4 Ne5 17. Qc2 c4 18. Na2 Nd3 19. Nxb4 Nxe1 20. Qxc4 Nxg2 21. Kxg2 Qd7 22. g4 Nxg4 23. Qc6 Ne3+ 24. fxe3 Qxh3+ 25. Kf2 Bg4 26. Qxe8+ Bf8 27. Qd8 Qh2+ 28. Kf1 1/2-1/2

[Event "EU-ch Amateur U2000"]
[Site "Zagreb"]
[Date "2022.08.17"]
[Round "5"]
[White "Djuric, Leon"]
[Black "Ljubic, Luka"]
[Result "1-0"]
[WhiteElo "1583"]
[BlackElo "1858"]
[PlyCount "47"]
[EventDate "2022.08.14"]
[EventType "swiss"]
[EventRounds "9"]
[EventCountry "CRO"]
[SourceTitle "CBM 210 Extra"]
[Source "ChessBase"]
[SourceDate "2022.11.30"]
[SourceVersion "1"]
[SourceVersionDate "2022.11.30"]
[SourceQuality "1"]

1. d4 Nf6 2. c4 e6 3. Nf3 d5 4. g3 Bb4+ 5. Bd2 Be7 6. Bg2 0-0 7. 0-0 Nbd7 8. Nc3 c6 9. Bf4 dxc4 10. e4 b5 11. d5 cxd5 12. exd5 exd5 13. Nxd5 Bb7 14. Nxe7+ Qxe7 15. Bd6 Qd8 16. Bxf8 Qxf8 17. a4 a6 18. axb5 axb5 19. Qd4 h6 20. Ne5 Bxg2 21. Kxg2 Qc8 22. Nxd7 Nxd7 23. Qd5 Rb8 24. Ra7 1-0

[Event "CRO-ch U15"]
[Site "Trogir"]
[Date "2022.06.24"]
[Round "5"]
[White "Bunic, Emanuel"]
[Black "Djuric, Leon"]
[Result "1-0"]
[WhiteElo "1941"]
[BlackElo "1488"]
[PlyCount "78"]
[EventDate "2022.06.22"]
[EventType "swiss"]
[EventRounds "9"]
[EventCountry "CRO"]
[SourceTitle "CBM 209 Extra"]
[Source "ChessBase"]
[SourceDate "2022.09.30"]
[SourceVersion "1"]
[SourceVersionDate "2022.09.30"]
[SourceQuality "1"]

1. d4 f5 2. c4 e6 3. Nc3 Nf6 4. Bf4 Bb4 5. Nf3 0-0 6. Qc2 b6 7. g3 Bb7 8. Bg2 d6 9. 0-0 Bxc3 10. bxc3 Nbd7 11. Ng5 Bxg2 12. Nxe6 Be4 13. Qd1 Qc8 14. Nxf8 Nxf8 15. d5 b5 16. f3 bxc4 17. fxe4 Nxe4 18. Qd4 Qa6 19. Be3 Qa5 20. Rxf5 Qxc3 21. Rc1 Qxd4 22. Bxd4 Nd7 23. Rxc4 Ndc5 24. Bxc5 Nxc5 25. Rcf4 h6 26. Rf7 Na6 27. Re7 Rf8 28. Ra4 Nc5 29. Rxa7 Rf5 30. Raxc7 Rxd5 31. Rxg7+ Kf8 32. Rh7 Kg8 33. Rcg7+ Kf8 34. Ra7 Kg8 35. Rhc7 Ne6 36. Rc8+ Nf8 37. Raa8 Rf5 38. Rxf8+ Rxf8 39. Rxf8+ Kxf8 1-0

[Event "CRO-ch U15"]
[Site "Trogir"]
[Date "2021.06.23"]
[Round "8"]
[White "Djuric, Leon"]
[Black "Mandaric, Fran"]
[Result "0-1"]
[WhiteElo "1508"]
[BlackElo "1707"]
[PlyCount "98"]
[EventDate "2021.06.18"]
[EventType "swiss"]
[EventRounds "9"]
[EventCountry "CRO"]
[SourceTitle "EXT 2022"]
[Source "ChessBase"]
[SourceDate "2021.10.06"]
[SourceVersion "1"]
[SourceVersionDate "2021.10.06"]
[SourceQuality "1"]

1. e4 c5 2. Nf3 Nc6 3. d4 cxd4 4. Nxd4 g6 5. Nc3 Bg7 6. Be3 d6 7. Be2 Nf6 8. 0-0 0-0 9. Qd2 d5 10. exd5 Nxd5 11. Nxd5 Nxd4 12. Bxd4 Qxd5 13. c3 e5 14. Be3 Be6 15. Qxd5 Bxd5 16. Rfd1 Rfd8 17. c4 Bc6 18. Rxd8+ Rxd8 19. Rd1 Rxd1+ 20. Bxd1 b6 21. b3 Bf8 22. Bg5 Kg7 23. f3 Bc5+ 24. Kf1 f5 25. Ke2 h6 26. Be3 e4 27. Bxc5 bxc5 28. fxe4 Bxe4 29. g3 Kf6 30. a3 a5 31. Ke3 Ke5 32. h4 g5 33. hxg5 hxg5 34. Kd2 Kd4 35. Be2 f4 36. gxf4 gxf4 37. Bf1 f3 38. Bh3 Bd3 39. Ke1 Ke3 40. Kd1 f2 41. b4 cxb4 42. axb4 axb4 43. c5 f1Q+ 44. Bxf1 Bxf1 45. c6 Ba6 46. Kc2 Kd4 47. Kb3 Kc5 48. c7 Bc8 49. Kb2 Kc4 0-1

[Event "CRO-ch U13"]
[Site "Trogir"]
[Date "2020.08.27"]
[Round "6"]
[White "Djuric, Leon"]
[Black "Milinkovic, Dominik"]
[Result "0-1"]
[WhiteElo "1615"]
[BlackElo "1626"]
[PlyCount "92"]
[EventDate "2020.08.24"]
[EventType "swiss"]
[EventRounds "9"]
[EventCountry "CRO"]
[SourceTitle "CBM 198 Extra"]
[Source "ChessBase"]
[SourceDate "2020.11.30"]
[SourceVersion "1"]
[SourceVersionDate "2020.11.30"]
[SourceQuality "1"]

1. e4 e5 2. Nf3 Nc6 3. Nc3 Nf6 4. Bc4 Nxe4 5. Nxe4 d5 6. Bxd5 Qxd5 7. Nc3 Qd8 8. d3 Bd6 9. Be3 Be6 10. d4 exd4 11. Nxd4 0-0 12. Nxe6 fxe6 13. Qg4 Qf6 14. h4 Bb4 15. Qc4 Rad8 16. a3 Bxc3+ 17. Qxc3 Qxc3+ 18. bxc3 Ne5 19. 0-0 h6 20. Rfe1 Ng4 21. Bc5 Rf5 22. Be3 Nxe3 23. fxe3 Rd2 24. Rad1 Rxc2 25. Rd8+ Kh7 26. Rb8 Rff2 27. Rxb7 Rxg2+ 28. Kh1 Rh2+ 29. Kg1 Rxh4 30. Rxc7 Ra4 31. Ra1 Rg4+ 32. Kh1 Rg3 33. Rxa7 Rxe3 34. a4 Rcxc3 35. a5 Ra3 36. Rc1 Ra2 37. a6 h5 38. Rd1 h4 39. Ra8 Rea3 40. Rd6 Rb3 41. Rd1 Rba3 42. Rd6 h3 43. Rxe6 Rg2 44. Re1 Raa2 45. Rae8 Rh2+ 46. Kg1 Rag2+ 0-1

[Event "CRO-ch U13"]
[Site "Trogir"]
[Date "2020.08.26"]
[Round "4"]
[White "Fiolic, Luka"]
[Black "Djuric, Leon"]
[Result "0-1"]
[WhiteElo "1252"]
[BlackElo "1615"]
[PlyCount "100"]
[EventDate "2020.08.24"]
[EventType "swiss"]
[EventRounds "9"]
[EventCountry "CRO"]
[SourceTitle "CBM 198 Extra"]
[Source "ChessBase"]
[SourceDate "2020.11.30"]
[SourceVersion "1"]
[SourceVersionDate "2020.11.30"]
[SourceQuality "1"]

1. e4 c5 2. Nf3 d6 3. d4 cxd4 4. Nxd4 Nf6 5. Nc3 a6 6. Bg5 Nbd7 7. Be2 h6 8. Bh4 g6 9. Qd2 e5 10. Nf3 Be7 11. a3 b5 12. b4 Bb7 13. Bd3 Rc8 14. Rd1 Qc7 15. Ne2 Nxe4 16. Bxe4 Bxe4 17. c3 Bxf3 18. Bxe7 Bxe2 19. Bxd6 Qxc3 20. Kxe2 Qxd2+ 21. Kxd2 Nb6 22. Bc5 Nc4+ 23. Kc3 f5 24. Rhe1 Rh7 25. f4 e4 26. a4 Rd7 27. Rxd7 Kxd7 28. axb5 axb5 29. Ra1 g5 30. g3 gxf4 31. gxf4 Re8 32. Ra7+ Kc6 33. Bf2 e3 34. Be1 Kb6 35. Rh7 Re6 36. Rd7 e2 37. Kd4 Ne3 38. Bf2 Kc6 39. Ra7 Nc2+ 40. Kc3 e1Q+ 41. Bxe1 Nxe1 42. Ra6+ Kd5 43. Rxe6 Kxe6 44. Kd4 Kd6 45. h3 Nf3+ 46. Ke3 Ng1 47. h4 Kd5 48. Kd3 Nh3 49. Ke3 Kc4 50. Kf3 Kxb4 0-1

[Event "CRO-ch U13"]
[Site "Trogir"]
[Date "2020.08.24"]
[Round "2"]
[White "Kurtovic, Darko"]
[Black "Djuric, Leon"]
[Result "1-0"]
[WhiteElo "1436"]
[BlackElo "1615"]
[PlyCount "95"]
[EventDate "2020.08.24"]
[EventType "swiss"]
[EventRounds "9"]
[EventCountry "CRO"]
[SourceTitle "CBM 198 Extra"]
[Source "ChessBase"]
[SourceDate "2020.11.30"]
[SourceVersion "1"]
[SourceVersionDate "2020.11.30"]
[SourceQuality "1"]

1. c4 Nf6 2. d4 e6 3. Nf3 Bb4+ 4. Bd2 Qe7 5. a3 Bxd2+ 6. Qxd2 d5 7. c5 b6 8. b4 Ne4 9. Qb2 0-0 10. Nbd2 Nxd2 11. Qxd2 a5 12. cxb6 cxb6 13. b5 a4 14. e3 Nd7 15. Bd3 Nf6 16. Ne5 Ne4 17. Qc2 Bd7 18. Nc6 Bxc6 19. bxc6 Nf6 20. Qb2 Qc7 21. Bb5 Ra5 22. Qb4 Ne4 23. Bxa4 Rfa8 24. Bc2 Nd6 25. Bd3 Qxc6 26. 0-0 g6 27. Rfc1 Qd7 28. Qxb6 Rxa3 29. Rxa3 Rxa3 30. Bf1 Nc4 31. Bxc4 dxc4 32. d5 Qxd5 33. Qb8+ Kg7 34. Qb2+ Kh6 35. Qxa3 f5 36. Qf8+ Kh5 37. Qb4 g5 38. Qxc4 Qe5 39. Qc3 Qe4 40. Qg7 h6 41. Qf7+ Kh4 42. g3+ Kg4 43. h3+ Kf3 44. Qh5+ g4 45. hxg4 fxg4 46. Re1 Qb4 47. Qf7+ Ke4 48. Qf4+ 1-0